000 00624nam a2200253Ia 4500
003 OSt
005 20221006142821.0
006 a|||||r|||| 00| 0
007 ta
008 221006b |||||||| |||| 00| 0 eng d
020 _c50.57
024 _a7,252
037 _cTextual
040 _aEASL
_cEASL
_beng
041 _2eng
_aeng
082 _aV42.N7, L2
100 _aGIBSON Michael
_9596755
245 0 _aRise of Japan
260 _aLondon
_bWayland Publishers
_c1972
300 _a128p.
_ccm.
490 _v JEL
942 _hV42.N7, L2
_cTEXL
_2CC
999 _c1075338
_d1075338